Estimator's pocket book (Record no. 115056)

MARC details
000 -LEADER
fixed length control field 00974cam a22002535a 4500
001 - CONTROL NUMBER
control field L157986
008 - FIXED-LENGTH DATA ELEMENTS--GENERAL INFORMATION
fixed length control field 130926s2013 xxk f 000 0 eng d
020 ## - INTERNATIONAL STANDARD BOOK NUMBER
International Standard Book Number 9780415527118
035 ## - SYSTEM CONTROL NUMBER
System control number (Sirsi) u157986
041 0# - LANGUAGE CODE
Language code of text/sound track or separate title eng
050 04 - LIBRARY OF CONGRESS CALL NUMBER
Classification number 692.5
100 1# - MAIN ENTRY--PERSONAL NAME
Personal name Cartlidge, Duncan
245 00 - TITLE STATEMENT
Title Estimator's pocket book
260 ## - PUBLICATION, DISTRIBUTION, ETC.
Place of publication, distribution, etc. Oxford
Name of publisher, distributor, etc. Routledge
Date of publication, distribution, etc. 2013
350 ## - PRICE (NR) (BK AM CF MU VM SE) [OBSOLETE]
Price 19.99
520 ## - SUMMARY, ETC.
Summary, etc. A concise and practical reference covering the main pricing approaches, as well as useful information such as how to process sub-contractor quotations, tender settlement and adjudication. It is fully up to date with NRM2 throughout, features a look ahead to NRM3 and describes the implications of BIm for estimators.
521 ## - TARGET AUDIENCE NOTE
Target audience note Advanced
590 ## - LOCAL NOTE (RLIN)
Local note KA
650 24 - SUBJECT ADDED ENTRY--TOPICAL TERM
Topical term or geographic name entry element ESTIMATING
651 #4 - SUBJECT ADDED ENTRY--GEOGRAPHIC NAME
Geographic name ENGLAND AND WALES
690 ## - LOCAL SUBJECT ADDED ENTRY--TOPICAL TERM (OCLC, RLIN)
Topical term or geographic name as entry element MEASUREMENT
9 (RLIN) 6256
856 40 - ELECTRONIC LOCATION AND ACCESS
Public note View on VLEbooks. Logins for members only from [email protected]
Uniform Resource Identifier <a href="https://www.vlebooks.com/">https://www.vlebooks.com/</a>
942 ## - ADDED ENTRY ELEMENTS (KOHA)
Suppress in OPAC 0
Source of classification or shelving scheme Dewey Decimal Classification
Holdings
Withdrawn status Lost status Source of classification or shelving scheme Damaged status Not for loan Home library Current library Shelving location Date acquired Total Checkouts Full call number Barcode Date last seen Copy number Price effective from Koha item type
    Dewey Decimal Classification     London London Books 26/09/2013   692.5 CAR 30075050 06/08/2019 1 06/08/2019 Book
    Dewey Decimal Classification     Virtual Virtual Online 23/05/2017   EBOOK 157986-2001 06/08/2019 1 06/08/2019 Book